Southville International School and Colleges
Your cart is empty.
  • Cart
  • Lists
    Public lists Eva Luna New books Lux_list list_1
    Your lists Log in to create your own lists
  • Log in to your account
  • Your cookies
  • Search history
Southville International School and Colleges
  • Advanced search
  • Recent comments
  • Most popular
  • Libraries

Log in to your account

Log in with GOOGLE


If you do not have an external account, but do have a local account, you can still log in:

  1. Home
  2. MARC view: Peter Parley's Tales About America and Australia
Normal view MARC view ISBD view

Peter Parley's Tales About America and Australia (Record no. 246146)

[ view plain ]
MARC details
000 -LEADER
fixed length control field 00848cam a22002653a 4500
001 - CONTROL NUMBER
control field 16891
003 - CONTROL NUMBER IDENTIFIER
control field PGUSA
005 - DATE AND TIME OF LATEST TRANSACTION
control field 20140828083347.0
008 - FIXED-LENGTH DATA ELEMENTS--GENERAL INFORMATION
fixed length control field 051017s2005||||xxu|||||s|||||000 | eng d
040 ## - CATALOGING SOURCE
Original cataloging agency PGUSA
Language of cataloging eng
042 ## - AUTHENTICATION CODE
Authentication code dc
050 #4 - LIBRARY OF CONGRESS CALL NUMBER
Classification number PZ
100 1# - MAIN ENTRY--PERSONAL NAME
Personal name Goodrich, Samuel G.
Fuller form of name (Samuel Griswold),
Dates associated with a name 1793-1860
245 10 - TITLE STATEMENT
Title Peter Parley's Tales About America and Australia
Medium [electronic resource] /
Statement of responsibility, etc Samuel G. Goodrich
260 ## - PUBLICATION, DISTRIBUTION, ETC. (IMPRINT)
Name of publisher, distributor, etc Project Gutenberg,
Date of publication, distribution, etc 2005
506 ## - RESTRICTIONS ON ACCESS NOTE
Terms governing access Public domain in the USA.
516 ## - TYPE OF COMPUTER FILE OR DATA NOTE
Type of computer file or data note Electronic text
653 ## - INDEX TERM--UNCONTROLLED
Uncontrolled term Australia -- History -- Juvenile literature
653 ## - INDEX TERM--UNCONTROLLED
Uncontrolled term America -- History -- Juvenile literature
700 1# - ADDED ENTRY--PERSONAL NAME
Personal name Williams, Samuel,
Dates associated with a name 1788-1853
700 1# - ADDED ENTRY--PERSONAL NAME
Personal name Wilson, T.,
Dates associated with a name 1810-1875
830 #0 - SERIES ADDED ENTRY--UNIFORM TITLE
Uniform title Project Gutenberg
Volume number/sequential designation 16891
856 40 - ELECTRONIC LOCATION AND ACCESS
Uniform Resource Identifier <a href="http://www.gutenberg.org/ebooks/16891">http://www.gutenberg.org/ebooks/16891</a>
942 ## - ADDED ENTRY ELEMENTS (KOHA)
Koha item type eBooks
Holdings
Withdrawn status Lost status Damaged status Home library Current library Date acquired Total Checkouts Date last seen Price effective from Koha item type
      Project Gutenberg Project Gutenberg 08/28/2014   08/28/2014 08/28/2014 eBooks

Peter Parley's Tales About America and Australia

APA

Goodrich S. G., Williams S. & Wilson T. (2005). Peter Parley's Tales About America and Australia. : Project Gutenberg.

Chicago

Goodrich Samuel G, Williams Samuel and Wilson T. 2005. Peter Parley's Tales About America and Australia. : Project Gutenberg.

Harvard

Goodrich S. G., Williams S. and Wilson T. (2005). Peter Parley's Tales About America and Australia. : Project Gutenberg.

MLA

Goodrich Samuel G, Williams Samuel and Wilson T. Peter Parley's Tales About America and Australia. : Project Gutenberg. 2005.

  • Place hold
  • Print
  • Cite
  • Add to your cart (remove)
  • Save record
    BIBTEX Dublin Core MARCXML MARC (non-Unicode/MARC-8) MARC (Unicode/UTF-8) MARC (Unicode/UTF-8, Standard) MODS (XML) RIS
  • More searches
    Search for this title in:
    Other Libraries (WorldCat) Other Databases (Google Scholar) Online Stores (Bookfinder.com) Open Library (openlibrary.org)

Exporting to Dublin Core...

SOUTHVILLE LIBRARY

Southville International School and Colleges Library

1281 Tropical Ave. Cor. Luxembourg St., BF Homes International, Las Pinas City

Tel. No. 8256374 / 252358 Loc. 117/146

Powered by Koha